Vznik spravodajskej povinnosti pre Intrastat hlásenia v roku 2015
Spravodajskou jednotkou pre systém Intrastat je každá právnická alebo fyzická osoba a skupina registrovaná pre daň z pridanej hodnoty v Slovenskej republike, ktorá za predchádzajúci kalendárny rok alebo od začiatku sledovaného roku prijala alebo odoslala tovar v rámci EÚ v súhrnnej hodnote vyššej ak...
Saved in:
| Main Author: | |
|---|---|
| Format: | Book Chapter |
| Language: | Slovak |
| Subjects: | |
| Tags: |
No Tags, Be the first to tag this record!
|
MARC
| LEADER | 00000nla a2200000 4500 | ||
|---|---|---|---|
| 001 | 0204580 | ||
| 005 | 20240502073421.4 | ||
| 041 | 0 | |a slo | |
| 044 | |a SK | ||
| 245 | 1 | 0 | |a Vznik spravodajskej povinnosti pre Intrastat hlásenia v roku 2015 |c Juraj Válek |
| 520 | |a Spravodajskou jednotkou pre systém Intrastat je každá právnická alebo fyzická osoba a skupina registrovaná pre daň z pridanej hodnoty v Slovenskej republike, ktorá za predchádzajúci kalendárny rok alebo od začiatku sledovaného roku prijala alebo odoslala tovar v rámci EÚ v súhrnnej hodnote vyššej ako prah oslobodenia. Spravodajská osoba sama sleduje vznik spravodajskej povinnosti. Štatistický úrad vyhodnocuje údaje z hlásení a daňových priznaní k DPH a upozorňuje spravodajské jednotky na nesplnenie si oznamovacej povinnosti. | ||
| 610 | 2 | 0 | |a štatistika |
| 610 | 2 | 0 | |a dane z hodnoty pridanej |
| 610 | 2 | 0 | |a osoby fyzické |
| 610 | 2 | 0 | |a osoby právnické |
| 610 | 2 | 0 | |a úrady štatistické |
| 610 | 2 | 0 | |a Európska únia |
| 100 | 1 | |a Válek, Juraj, 1981- | |